000 00560nam a2200181 i 4500
001 30023
003 ES-MaACL
005 20230906154127.0
007 t|
008 030123s1951 sp ||||1| spa d
100 1 _aBaroncelli, Jean de.
_925784
245 1 4 _aLos Hidalgos de la Luna /
_cJean de Baroncelli ; [traducción del francés por Rosa S. de Naveira].
250 _a[1ª ed.].
260 _aBarcelona :
_bJosé Janés,
_c1951 (
_fHorta)
300 _a241 p. ;
_c20 cm.
700 1 _aNaveira, Rosa S. de.
_985223
852 _aES-MaACL
_jD-7006
_bR.32026
999 _c30023
_d30023